Austriacizmy v ekonomickej nemčine
Rozdiely medzi nemeckým a rakúskym variantom odbornej nemčiny na základe excerpcií z ekonomických a hospodárskych dvojjazyčných slovníkov. Pluricentrická koncepcia jazykov, definícia variantov a variet pluricentrického jazyka, termín austriacizmus, helvetizmus a teutonizmus, ktorých nejednoznačnosť...
Salvato in:
| Autore principale: | |
|---|---|
| Natura: | Capitolo di libro |
| Lingua: | slovacco |
| Soggetti: | |
| Tags: |
Nessun Tag, puoi essere il primo ad aggiungerne!!
|
MARC
| LEADER | 00000nla$a2200000$$$4500 | ||
|---|---|---|---|
| 001 | 0114772 | ||
| 005 | 20240502072300.7 | ||
| 041 | 0 | |a slo | |
| 044 | |a SK | ||
| 245 | 1 | 0 | |a Austriacizmy v ekonomickej nemčine |c Tomas Maier |
| 520 | |a Rozdiely medzi nemeckým a rakúskym variantom odbornej nemčiny na základe excerpcií z ekonomických a hospodárskych dvojjazyčných slovníkov. Pluricentrická koncepcia jazykov, definícia variantov a variet pluricentrického jazyka, termín austriacizmus, helvetizmus a teutonizmus, ktorých nejednoznačnosť ovplyvňuje spracovanie týchto špecifických lexém v prekladových, ale i výkladových slovníkoch nemčiny. Kvalitatívna a kvantitatívna analýza 165 vyexcerpovaných austriacizmov z bilingválnych slovníkov. | ||
| 610 | 2 | 0 | |a jazyky cudzie |
| 610 | 2 | 0 | |a jazykoveda |
| 610 | 2 | 0 | |a nemčina |
| 610 | 2 | 0 | |a slovenčina |
| 610 | 2 | 0 | |a ekonómia |
| 610 | 2 | 0 | |a slovníky |
| 100 | 1 | |a Maier, Tomas, 1965- | |